[Event "Brasilia Terraviva op"]
[Site "Brasilia"]
[Date "2018.01.11"]
[Round "1"]
[White "Souza, Rafael Cabral de"]
[Black "Da Silva, Renato Claudio Melo"]
[Result "1-0"]
[WhiteElo "2193"]
[BlackElo "1670"]
[PlyCount "39"]
[EventDate "2018.01.11"]
[EventType "swiss"]
[EventRounds "7"]
[EventCountry "BRA"]
[SourceTitle "CBM 182 Extra"]
[Source "ChessBase"]
[SourceDate "2018.02.23"]
[SourceVersion "1"]
[SourceVersionDate "2018.02.23"]
[SourceQuality "1"]

1. e4 c5 2. Nf3 d6 3. d4 cxd4 4. Nxd4 Nf6 5. Nc3 a6 6. Bg5 e6 7. f4 Be7 8. Qf3 Qc7 9. 0-0-0 0-0 10. Bd3 Nbd7 11. Rhe1 Nc5 12. e5 dxe5 13. fxe5 Nxd3+ 14. Rxd3 Nd5 15. Qh5 Bxg5+ 16. Qxg5 Nxc3 17. Rxc3 Qd8 18. Qf4 Qd5 19. Rg3 f5 20. exf6 1-0

[Event "Brasilia Terraviva op"]
[Site "Brasilia"]
[Date "2017.01.08"]
[Round "6"]
[White "Alboredo, Julia"]
[Black "Da Silva, Renato Claudio Melo"]
[Result "1-0"]
[WhiteElo "2102"]
[BlackElo "1715"]
[PlyCount "73"]
[EventDate "2017.01.06"]
[EventType "swiss"]
[EventRounds "6"]
[EventCountry "BRA"]
[SourceTitle "CBM 176 Extra"]
[Source "ChessBase"]
[SourceDate "2017.03.02"]
[SourceVersion "1"]
[SourceVersionDate "2017.03.02"]
[SourceQuality "1"]

1. e4 g6 2. d4 Bg7 3. Nc3 d6 4. f4 e6 5. Nf3 Ne7 6. Bd3 a6 7. a4 Nd7 8. 0-0 c5 9. d5 exd5 10. Nxd5 Nb6 11. Nxe7 Qxe7 12. a5 Nd7 13. Qe1 0-0 14. c3 Nb8 15. Qg3 f5 16. Bc4+ Be6 17. Bxe6+ Qxe6 18. exf5 Qxf5 19. Nh4 Qh5 20. f5 Nc6 21. Bf4 Ne5 22. fxg6 hxg6 23. Bxe5 Bxe5 24. Qxg6+ Qxg6 25. Nxg6 Rfe8 26. Nxe5 dxe5 27. Rad1 Rad8 28. Rfe1 Rxd1 29. Rxd1 Kf7 30. Rd7+ Kf6 31. Rxb7 e4 32. Kf2 Ke5 33. Ke3 c4 34. Ra7 Re6 35. Rd7 Kf5 36. Rd5+ Kg4 37. Rd4 1-0

[Event "Brasilia Terraviva op"]
[Site "Brasilia"]
[Date "2016.04.24"]
[Round "7"]
[White "Da Silva, Renato Claudio Melo"]
[Black "Cardoso, Marcio de Lucca"]
[Result "1-0"]
[WhiteElo "1615"]
[BlackElo "1818"]
[PlyCount "57"]
[EventDate "2016.04.21"]
[EventType "swiss"]
[EventRounds "7"]
[EventCountry "BRA"]
[SourceTitle "CBM 172 Extra"]
[Source "ChessBase"]
[SourceDate "2016.06.21"]
[SourceVersion "1"]
[SourceVersionDate "2016.06.21"]
[SourceQuality "1"]

1. d4 Nf6 2. c4 e6 3. Nc3 Bb4 4. Nf3 c5 5. e3 Ne4 6. Bd2 Nxd2 7. Nxd2 Qa5 8. Qc1 cxd4 9. exd4 Nc6 10. Nb3 Qd8 11. a3 Be7 12. d5 Ne5 13. Qe3 d6 14. 0-0-0 0-0 15. Kb1 Bd7 16. f4 Ng4 17. Qf3 Nf6 18. h3 Qb6 19. Ka2 a5 20. g4 a4 21. Nd4 exd5 22. g5 Ne8 23. Nxd5 Qd8 24. Qe4 Be6 25. Nxe6 fxe6 26. Qxe6+ Rf7 27. g6 hxg6 28. Bd3 Kf8 29. Bxg6 1-0